[Event "GER-ch U12"]
[Site "Willingen"]
[Date "2005.05.21"]
[Round "11"]
[White "Ma, Beini"]
[Black "Graf, Felix"]
[Result "1/2-1/2"]
[WhiteElo "1630"]
[BlackElo "2152"]
[PlyCount "60"]
[EventDate "2005.05.14"]
[EventType "swiss"]
[EventRounds "11"]
[EventCountry "GER"]
[SourceTitle "CBM 106 Extra"]
[Source "ChessBase"]
[SourceDate "2005.07.01"]
[SourceVersion "1"]
[SourceVersionDate "2005.07.01"]
[SourceQuality "1"]

1. c4 c6 2. Nc3 d5 3. cxd5 cxd5 4. d4 Nf6 5. Nf3 Nc6 6. Bf4 a6 7. Rc1 e6 8. e3 Bd6 9. Bg3 0-0 10. Bd3 Re8 11. 0-0 Bxg3 12. hxg3 Qd6 13. a3 h6 14. Bb1 b5 15. b4 Bb7 16. Qd3 e5 17. dxe5 Nxe5 18. Nxe5 Qxe5 19. Ne2 Rac8 20. Qd4 Qe7 21. Ba2 Qd7 22. Nf4 Re4 23. Rxc8+ Qxc8 24. Qd2 Qd7 25. Nd3 Re7 26. Nc5 Ne4 27. Qd4 Nxc5 28. Qxc5 Qc7 29. Rc1 Qxc5 30. Rxc5 Rd7 1/2-1/2

[Event "GER-ch U12"]
[Site "Willingen"]
[Date "2005.05.19"]
[Round "9"]
[White "Zelbel, Patrick"]
[Black "Ma, Beini"]
[Result "1/2-1/2"]
[WhiteElo "1927"]
[BlackElo "1630"]
[PlyCount "110"]
[EventDate "2005.05.14"]
[EventType "swiss"]
[EventRounds "11"]
[EventCountry "GER"]
[SourceTitle "CBM 106 Extra"]
[Source "ChessBase"]
[SourceDate "2005.07.01"]
[SourceVersion "1"]
[SourceVersionDate "2005.07.01"]
[SourceQuality "1"]

1. e4 c5 2. c3 d5 3. exd5 Qxd5 4. d4 Nf6 5. Nf3 e6 6. Be2 Nc6 7. 0-0 cxd4 8. cxd4 Be7 9. Nc3 Qd8 10. Re1 0-0 11. Bf4 Nb4 12. Ne5 Nbd5 13. Bg5 h6 14. Bh4 a6 15. Qd2 Ne4 16. Bxe7 Nxd2 17. Bxd8 Rxd8 18. Nxd5 Rxd5 19. Rad1 f6 20. Rxd2 fxe5 21. Bc4 Rxd4 22. Rxd4 exd4 23. Rd1 b5 24. Bb3 Bb7 25. Rxd4 Re8 26. Rd7 Bd5 27. Bxd5 exd5 28. Kf1 Rc8 29. Rxd5 Rc2 30. Rd8+ Kf7 31. Ra8 Rxb2 32. Rxa6 b4 33. g3 b3 34. axb3 Rxb3 35. Kg2 h5 36. Ra5 Kg6 37. Re5 Kh6 38. Re3 Rb2 39. h4 Kg6 40. Kf3 Kf5 41. Rc3 Rb5 42. Rc7 Rb3+ 43. Kg2 g6 44. Rc5+ Kf6 45. Rc4 Ke5 46. g4 hxg4 47. Rxg4 Kf5 48. Rg5+ Kf6 49. Ra5 Kg7 50. f3 Kh6 51. Kg3 Rb4 52. Re5 Rb1 53. Re3 Rg1+ 54. Kh2 Ra1 55. f4 Kh5 1/2-1/2

[Event "GER-ch U12"]
[Site "Willingen"]
[Date "2005.05.18"]
[Round "7"]
[White "Ma, Beini"]
[Black "Petermann, Michail"]
[Result "1-0"]
[WhiteElo "1630"]
[BlackElo "1551"]
[PlyCount "39"]
[EventDate "2005.05.14"]
[EventType "swiss"]
[EventRounds "11"]
[EventCountry "GER"]
[SourceTitle "CBM 106 Extra"]
[Source "ChessBase"]
[SourceDate "2005.07.01"]
[SourceVersion "1"]
[SourceVersionDate "2005.07.01"]
[SourceQuality "1"]

1. e4 d6 2. d4 Nf6 3. Nc3 g6 4. f3 Bg7 5. Be3 c6 6. Qd2 Nbd7 7. Bh6 0-0 8. 0-0-0 b5 9. h4 Re8 10. Bxg7 Kxg7 11. g4 h5 12. e5 Nh7 13. gxh5 gxh5 14. Nh3 Rg8 15. Rg1+ Kh8 16. Bd3 Rxg1 17. Rxg1 Qf8 18. Ng5 f5 19. Nxh7 Kxh7 20. Qg5 1-0